000 005540000a22001810004500
003 MACL
005 20160212141251.0
008 160212b xxu||||| |||| 00| 0 eng d
040 _aMACL
_cMACL
041 _aHindi
082 _a320
100 _aवर्मा कन्‍हैयालाल
_937996
245 _aलोकनीति राष्‍ट्रीयता
260 _bनंदकिशेर ऐंड ब्रदर्स
_aबनारस
350 _a1
650 _aPolotical Science
_91991
942 _cHIN
_k320
_2ddc
999 _c24902
_d24902